书目信息 |
| 题名: |
电磁场基础
|
|
| 作者: | 马信山 编著 | |
| 分册: | ||
| 出版信息: | 北京 清华大学出版社 1995.05 |
|
| 页数: | 352页 | |
| 开本: | 26cm | |
| 丛书名: | ||
| 单 册: | ||
| 中图分类: | TM15-4 | |
| 科图分类: | ||
| 主题词: | 电磁场--理论--应用 | |
| 电子资源: | ||
| ISBN: | 7-302-01591-0 | |
| 000 | 00551nam0 2200193 450 | |
| 001 | 0755940457 | |
| 005 | 20071220153329.44 | |
| 010 | @a7-302-01591-0@dCNY13.00 | |
| 100 | @a20071220d1995 km y0chiy0120 ea | |
| 101 | 0 | @achi |
| 102 | @aCN@b110000 | |
| 200 | 1 | @a电磁场基础@Adian ci chang ji chu@f马信山等编著@Fma xin shan deng bian zhu |
| 210 | @a北京@c清华大学出版社@d1995.05 | |
| 215 | @a352页@d26cm | |
| 606 | 0 | @a电磁场@x理论@x应用 |
| 690 | @aTM15-4@v4 | |
| 701 | 0 | @a马信山@Ama xin shan@4编著 |
| 801 | 0 | @aCN@bPFT@c20071220 |
| 905 | @aBZT@dTM15-4@e1 | |
| 电磁场基础/马信山等编著.-北京:清华大学出版社,1995.05 |
| 352页;26cm |
| ISBN 7-302-01591-0:CNY13.00 |
| ● |
| 相关链接 |
|
|
|
正题名:电磁场基础
索取号:TM15-4/1
 
预约/预借
| 序号 | 登录号 | 条形码 | 馆藏地/架位号 | 状态 | 备注 |
| 1 | 17221 | 220001982 | 中心书库中库/ 中库029架A面1列3层48/ [索取号:TM15-4/1] | 在馆 |